The Very peculiar cow and other stories

Bibliographic Details
Main Author: Blyton, Enid
Format: Book
Published: London : Award Publication , 2002
Subjects:

MARC

LEADER 00000cam a2200000 7i4500
001 0000008719
002 000009501
005 20031201.0
020 |a 0861636643 
090 0 0 |a JF   |b BLY 
100 1 |a Blyton, Enid 
245 1 4 |a The Very peculiar cow and other stories   |c Enid Blyton 
260 |a London :   |b Award Publication ,   |c 2002 
300 |a 192 p. :   |b ill. ;   |c 18 cm. 
650 0 0 |a Children's stories 
999 |a 040857   |b BUKU   |c PINJAMAN   |e PERPUSTAKAAN KOMUNITI PETALING JAYA 
999 |a 041302   |b BUKU   |c PINJAMAN   |e PERPUSTAKAAN KOMUNITI PETALING JAYA 
999 |a 041303   |b BUKU   |c PINJAMAN   |e PERPUSTAKAAN KOMUNITI PETALING JAYA 
999 |a 045176   |b BUKU   |c PINJAMAN   |e PERPUSTAKAAN KOMUNITI PETALING JAYA 
999 |a 045177   |b BUKU   |c PINJAMAN   |e PERPUSTAKAAN KOMUNITI PETALING JAYA 
999 |a 123198   |b BUKU   |c PINJAMAN   |e PERPUSTAKAAN KOMUNITI PETALING JAYA 
999 |a 123200   |b BUKU   |c PINJAMAN   |e PERPUSTAKAAN KOMUNITI PETALING JAYA